000 00429nam a2200145Ia 4500
008 100122s9999 xx 000 0 und d
082 _b16619
_a822
100 _aखरे सुरेश
245 _aसखी शेजारिणी
260 _bजोशी ब्रदर्स
_c1969
300 _a80
630 _aसखी शेजारिणी
730 _aसखी शेजारिणी
942 _cBOOK
999 _c406537
_d406534